Представление документа в формате MARC21

ПолеНазваниеЗначение
  Тип записи a
  Библиографический уровень m
001 Контрольный номер RU/URAIT/589698
005 Дата корректировки 20260429163700.9
008 Кодируемые данные 260429s2026 RU y f j 000 0 rus u
020 Индекс ISBN __
a ISBN 978-5-534-19069-4
c Цена, тираж 1329.00
040 Источник каталогиз. __
a Служба первич. каталог. ИКО Юрайт
c Служба, преобразующая запись ИКО Юрайт
e Правила каталог. RCR
041 Код языка издания __
a Код языка текста rus
044 Код страны публикации __
a Код страны публикации RU
080 Индекс УДК __
a Индекс УДК 338.48:615.8(075.8)
084 Индекс другой классификации/Индекс ББК __
2 Источник индекса rubbk
a Индекс другой классификации/Индекс ББК 75.81я73
100 Автор __
a Автор Чистобаев А. И.
q Полное имя Чистобаев Анатолий Иванович
245 Заглавие __
a Заглавие Медицинский и оздоровительный туризм
b Продолж. заглавия учебник для вузов
c Ответственность А. И. Чистобаев, З. А. Семенова, Н. А. Грудцын.
256 Характеристики компьютерного файла __
a Характеристики компьютерного файла Электрон. дан.
260 Выходные данные __
a Место издания Москва
b Издательство Юрайт
c Дата издания 2026
300 Физическое описание __
a Объем 237 с
440 Серия __
a Серия Высшее образование
500 Примечания __
a Примечание URL: https://urait.ru/bcode/589698 (дата обращения: 29.04.2026).
520 Аннотация __
a Аннотация В курсе раскрывается содержательный феномен медицинского и оздоровительного туризма на фоне динамики здоровьесбережения и трансформации данного сегмента рынка в условиях нестабильности внешней среды. Выявлены возможности использования географических подходов и методов к исследованию возникновения вызовов и рисков на современном рынке медицинских и оздоровительных услуг. Охарактеризована специфика отдельных видов медико-терапевтического туризма: психологического и психотерапевтического, йога, для лиц с ограниченными возможностями по здоровью и заболеванием деменцией. Прослежены изменения географического вектора развития медицинского и оздоровительного туризма на глобальном, страновом и региональном уровнях. Охарактеризованы на примере Санкт-Петербурга инновационные процессы в предоставлении медицинских и оздоровительных услуг. Определены функции маркетинга и менеджмента в управлении развитием и пространственной организации медицинского и оздоровительного туризма, сопутствующих ему элементов инфраструктуры. Приведены примеры управления созданием и функционированием объектов медицинского и оздоровительного туризма. Курс адресован специалистам сфер здоровьесбережения и туризма, а также студентам, обучающимся по программам бакалавриата и магистратуры, аспирантам и докторантам, темы исследования которых так или иначе связаны с развитием медицинского и оздоровительного туризма.
538 Прим. о системных особенностях __
a Прим. о системных особенностях Режим доступа: Электронно-библиотечная система Юрайт, для авториз. пользователей
653 Ключевые слова __
a Ключевые слова Туризм и гостеприимство
653 Ключевые слова __
a Ключевые слова Менеджмент
653 Ключевые слова __
a Ключевые слова Оздоровительный туризм
653 Ключевые слова __
a Ключевые слова Лечебно-оздоровительный туризм
653 Ключевые слова __
a Ключевые слова Технология организации лечебно-оздоровительного туризма
653 Ключевые слова __
a Ключевые слова Основные направления развития медицинского туризма
700 Другие авторы __
a Другие авторы Семенова З. А.
q Полное имя Семенова Зоя Анатольевна
700 Другие авторы __
a Другие авторы Грудцын Н. А.
q Полное имя Грудцын Николай Алексеевич
856 Электронный адрес документа 40
n Местонахождение сервера Юрайт
g Электронная книга
q Тип электронного формата html
h Имя пользователя ЮРАЙТ
v Часы доступа к ресурсу 20271231
2 Способ доступа Показать документ
x Служебное примечание https://urait.ru/book/cover/D097E037-6FF9-45BF-9393-3D549FC9545E
u URL https://urait.ru/bcode/589698
856 Электронный адрес документа 48
q Тип электронного формата cover
u URL https://urait.ru/book/cover/D097E037-6FF9-45BF-9393-3D549FC9545E
911 __
u 0030=https://urait.ru/bcode/589698
911 __
u 073a=9785534190694
u 073d=1329.00
911 __
u 106a=s
911 __
u 900l=
952 Тип литературы __
i Дисциплина Оздоровительный туризм
952 Тип литературы __
i Дисциплина Лечебно-оздоровительный туризм
952 Тип литературы __
i Дисциплина Технология организации лечебно-оздоровительного туризма
952 Тип литературы __
i Дисциплина Основные направления развития медицинского туризма